| 000 | 00496cam a22001457a 4500 | ||
|---|---|---|---|
| 008 | 180718b2011 xxu||||| |||| 00| 0 eng d | ||
| 082 | _aN194 Sa57 | ||
| 100 | _aSane, Renuka and Shah, Ajay | ||
| 245 |
_aCivil service and military pensions in India _cby Renuka Sane and Ajay Shah |
||
| 260 |
_aNew Delhi _bNatioanl institute of public finance and policy _c2011 |
||
| 300 | _a25p. | ||
| 440 | _aWorking paper no. 91,2011 | ||
| 650 | _aMilitary pensions - India : | ||
| 650 | _aCivil service - India | ||
| 999 |
_c504048 _d504048 |
||